000 01030nam a2200301 i 4500
001 bg
003 KOSZ 005
005 20201216090818.0
008 070928s1971 pl a f f |000 0 pol
015 _aPB 1972/2409
035 _a(OCoLC)838956217
040 _aKOSZ 005/HR
_cWA N
_dKOSZ 005/HR
080 _a577.3
080 _a(075.8+076)
245 0 0 _aĆwiczenia z biofizyki /
_cred. Wanda Leyko ; [współaut. Wirgiliusz Duda et al.] ; Uniwersytet Łódzki.
260 _aŁódź :
_b[Państwowe Wydawnictwo Naukowe],
_c1971.
300 _a163 s. :
_bil., err. ;
_c23 cm.
380 _aKsiążki.
500 _aOpis wg okł.
658 _aFizyka i astronomia
658 _aBiologia
655 4 _aĆwiczenia i zadania dla szkół wyższych
650 4 _aBiofizyka
700 1 _aDuda, Wirgiliusz
_d(1940- )
_eAutor
700 1 _aLeyko, Wanda
_d(1921-2015)
_eRedakcja
856 _uhttp://koha.tu.koszalin.pl/cgi-bin/koha/opac-detail.pl?biblionumber=7290
_yKatalog online BPK
942 _2UKD
_cKS
999 _c7290
_d7290